UBT Library

The Bedford guide for college writers with reader, research manual, and handbook / (Record no. 39336)

000 -LEADER
fixed length control field 00743cam a2200241 a 4500
001 - CONTROL NUMBER
control field 16250837
005 - DATE AND TIME OF LATEST TRANSACTION
control field 20171222071646.0
008 - FIXED-LENGTH DATA ELEMENTS--GENERAL INFORMATION
fixed length control field 100525s2011 maua f 000 0 eng
010 ## - LIBRARY OF CONGRESS CONTROL NUMBER
LC control number 2010929465
020 ## - INTERNATIONAL STANDARD BOOK NUMBER
International Standard Book Number 9780312601539 (alk. paper)
020 ## - INTERNATIONAL STANDARD BOOK NUMBER
International Standard Book Number 9780312601591 (pbk.)
040 ## - CATALOGING SOURCE
Original cataloging agency DLC
Transcribing agency DLC
Modifying agency DLC
041 ## - LANGUAGE CODE
Language code of text/sound track or separate title eng
042 ## - AUTHENTICATION CODE
Authentication code pcc
080 ## - UNIVERSAL DECIMAL CLASSIFICATION NUMBER
Universal Decimal Classification number 808.0427 KEN
082 00 - DEWEY DECIMAL CLASSIFICATION NUMBER
Classification number 808.0427 KEN
Edition number 23
100 ## - Rafti
Rafti 46
101 ## - Shkurtesa
Shkurtesa EDU
245 04 - TITLE STATEMENT
Title The Bedford guide for college writers with reader, research manual, and handbook /
Statement of responsibility, etc [edited by] X. J. Kennedy, Dorothy M. Kennedy, Marcia F. Muth.
906 ## - LOCAL DATA ELEMENT F, LDF (RLIN)
a 7
b cbc
c orignew
d 2
e epcn
f 20
g y-gencatlg
942 ## - ADDED ENTRY ELEMENTS (KOHA)
Source of classification or shelving scheme
Item type Books
Holdings
Withdrawn status Lost status Source of classification or shelving scheme Damaged status Not for loan Permanent location Current location Date acquired Total Checkouts Full call number Barcode Date last seen Price effective from Koha item type
          UBT - Lipjan UBT - Lipjan 12/22/2017   808.0427 KEN 002-2939867 12/22/2017 12/22/2017 Books
UBT Library © 2015-2024. All rights reserved University Education for Business and Technology